2006/ 2007 Directory Association of Consulting Engineers Malaysia [ACEM].

Bibliographic Details
Corporate Author: Association of Consulting Engineers Malaysia [ACEM]
Format: Book
Published: Kuala Lumpur: Association of Consulting Engineers Malaysia, 2007.
Edition:26th ed.
Subjects:
LEADER 00817cam a2200193 7i4500
001 0000019284
005 20070523090000.0
090 0 0 |a M 620.0092025   |b ASS 
110 2 0 |a Association of Consulting Engineers Malaysia [ACEM] 
245 2 0 |a 2006/ 2007 Directory Association of Consulting Engineers Malaysia [ACEM]. 
250 0 0 |a 26th ed. 
260 0 0 |a Kuala Lumpur:   |b Association of Consulting Engineers Malaysia,   |c 2007. 
300 # # |a 243 p. 
650 0 0 |a Engineering --   |x Societies,etc --   |x Directories --   |z Malaysia  
650 0 0 |a Consulting engineering --   |x directories --   |z Malaysia  
651 0 0 |a Malaysia  
999 |a SRW000087H  |b Directories  |c Malaysia  |e MATRADE Sarawak 
999 |a PNG000681H  |b Directories  |c Malaysia  |e MATRADE Northern Regional Office 
999 |a JHR000007H  |b Directories  |c Malaysia  |e MATRADE Southern Regional Office